[Event "San Cristobal de La Laguna op 2nd"]
[Site "San Cristobal de la Laguna"]
[Date "2019.09.05"]
[Round "6"]
[White "Galvan Sarmiento, Jose Luis"]
[Black "Villagran Carrasco, Juan Carlos"]
[Result "1-0"]
[WhiteElo "1881"]
[BlackElo "2086"]
[PlyCount "131"]
[EventDate "2019.08.31"]
[EventType "swiss"]
[EventRounds "9"]
[EventCountry "ESP"]
[SourceTitle "EXT 2020"]
[Source "ChessBase"]
[SourceDate "2019.10.17"]
[SourceVersion "1"]
[SourceVersionDate "2019.10.17"]
[SourceQuality "1"]

1. c4 d6 2. g3 Nf6 3. Bg2 e5 4. Nc3 Be7 5. Nf3 0-0 6. d4 Nbd7 7. 0-0 c6 8. Qc2 Re8 9. Rd1 Qc7 10. b3 Bf8 11. e3 e4 12. Nd2 d5 13. Bb2 Nb6 14. Rdc1 Qd8 15. cxd5 cxd5 16. Nb5 Bd7 17. a4 a6 18. Nc3 Rc8 19. Ba3 Bxa3 20. Rxa3 Qe7 21. Qb2 Qb4 22. Ra2 Rc6 23. a5 Na8 24. Ra4 Qd6 25. Raa1 h5 26. Na4 h4 27. Nc5 Bc8 28. Na4 hxg3 29. hxg3 Ng4 30. Rxc6 Qxc6 31. Rc1 Qh6 32. Nf1 Bd7 33. Nc5 Bb5 34. Nxb7 Rb8 35. Qc3 Qf6 36. Rc2 Bd3 37. Rd2 Qe7 38. Nc5 Rc8 39. Qb4 Bxf1 40. Bxf1 Qg5 41. Bh3 Nc7 42. Qb7 Qf5 43. b4 Kh7 44. Rc2 Nb5 45. Qxa6 Nxd4 46. exd4 e3 47. Bxg4 Qxc2 48. Qd3+ Qxd3 49. Nxd3 exf2+ 50. Kxf2 Rc2+ 51. Be2 Ra2 52. Nf4 g5 53. Nxd5 Kg6 54. Ke3 Kf5 55. g4+ Ke6 56. Nc3 Ra3 57. Bc4+ Ke7 58. Kd3 Ra1 59. a6 Kd7 60. b5 Kc7 61. Nd5+ Kb8 62. b6 Ra3+ 63. Ke4 Ra4 64. Bb5 Ra5 65. Nc7 f6 66. Bc6 1-0

[Event "San Cristobal de La Laguna op 2nd"]
[Site "San Cristobal de la Laguna"]
[Date "2019.09.02"]
[Round "3"]
[White "Thiel, Thomas"]
[Black "Galvan Sarmiento, Jose Luis"]
[Result "1-0"]
[WhiteElo "2245"]
[BlackElo "1881"]
[PlyCount "93"]
[EventDate "2019.08.31"]
[EventType "swiss"]
[EventRounds "9"]
[EventCountry "ESP"]
[SourceTitle "EXT 2020"]
[Source "ChessBase"]
[SourceDate "2019.10.17"]
[SourceVersion "1"]
[SourceVersionDate "2019.10.17"]
[SourceQuality "1"]

1. d4 Nf6 2. Bf4 Nh5 3. Bg5 h6 4. Bh4 g5 5. e3 Ng7 6. Bg3 Nf5 7. Be5 Rg8 8. d5 Bg7 9. Bc3 d6 10. e4 Nh4 11. Bxg7 Rxg7 12. Qh5 Rh7 13. f4 Ng6 14. fxg5 Nf4 15. Qh4 e5 16. Nf3 c6 17. Nc3 Qb6 18. 0-0-0 Ng6 19. Qg3 c5 20. h4 h5 21. Nd2 a6 22. Be2 Qc7 23. Rhf1 b5 24. Rde1 c4 25. Qf2 Nd7 26. Bxh5 b4 27. Bxg6 fxg6 28. Na4 Bb7 29. h5 gxh5 30. Qf5 Re7 31. Qg6+ Kd8 32. b3 cxb3 33. axb3 a5 34. Nc4 Ba6 35. Nab6 Rb8 36. Nxd7 Qxd7 37. Rf6 Bxc4 38. Rxd6 Bb5 39. Rxd7+ Rxd7 40. Qf6+ Kc8 41. Qxe5 Rc7 42. d6 Rc3 43. g6 Bd3 44. g7 Rxc2+ 45. Kd1 Rxg2 46. Qe7 Bc2+ 47. Kc1 1-0

[Event "Pardubice Czech op-B 30th"]
[Site "Pardubice"]
[Date "2019.07.22"]
[Round "4"]
[White "Galvan Sarmiento, Jose Luis"]
[Black "Popov, Anton Yur"]
[Result "0-1"]
[WhiteElo "1901"]
[BlackElo "2100"]
[PlyCount "72"]
[EventDate "2019.07.19"]
[EventType "swiss"]
[EventRounds "9"]
[EventCountry "CZE"]
[SourceTitle "EXT 2020"]
[Source "ChessBase"]
[SourceDate "2019.10.17"]
[SourceVersion "1"]
[SourceVersionDate "2019.10.17"]
[SourceQuality "1"]

1. d4 d5 2. Bf4 Nf6 3. e3 e6 4. Nf3 c5 5. c3 Nc6 6. Nbd2 Be7 7. h3 0-0 8. Bd3 a6 9. a4 Bd7 10. 0-0 c4 11. Bc2 b5 12. e4 dxe4 13. Nxe4 Nd5 14. Bg3 f5 15. Ned2 f4 16. Bh2 Bf6 17. Re1 Qc7 18. Ne4 b4 19. Neg5 bxc3 20. Bxh7+ Kh8 21. bxc3 Nxc3 22. Qc2 Nxd4 23. Nxd4 Bxg5 24. Nxe6 Bxe6 25. Rxe6 Nd5 26. Rae1 Bh6 27. Be4 Rad8 28. Bxd5 Rxd5 29. Rxa6 c3 30. Rae6 Rd2 31. Qg6 c2 32. Re8 Rd8 33. Rxf8+ Rxf8 34. Rc1 Rd8 35. Qg4 Qd7 36. Bxf4 Qxg4 0-1

[Event "Canarias-chT"]
[Site "Vecindario"]
[Date "2019.06.14"]
[Round "2.2"]
[White "Galvan Sarmiento, Jose Luis"]
[Black "Perez Bolanos, David"]
[Result "0-1"]
[WhiteElo "1954"]
[BlackElo "1900"]
[PlyCount "116"]
[EventDate "2019.06.13"]
[EventType "team-swiss"]
[EventRounds "6"]
[EventCountry "ESP"]
[SourceTitle "EXT 2020"]
[Source "ChessBase"]
[SourceDate "2019.10.17"]
[SourceVersion "1"]
[SourceVersionDate "2019.10.17"]
[SourceQuality "1"]
[WhiteTeam "Grandama"]
[BlackTeam "Sociedad La Montana"]
[WhiteTeamCountry "ESP"]
[BlackTeamCountry "ESP"]

1. d4 Nf6 2. Bf4 e6 3. e3 d5 4. Bd3 Bd6 5. Bg3 0-0 6. Nd2 c5 7. c3 b6 8. Ngf3 Ba6 9. Bc2 Nc6 10. Ne5 Qc7 11. f4 Nd7 12. Ndf3 cxd4 13. exd4 f6 14. Nxc6 Qxc6 15. Qd2 Rfe8 16. 0-0-0 b5 17. Kb1 Rab8 18. Rc1 Qb6 19. a3 Bc8 20. f5 Nf8 21. Rhe1 a5 22. Bb3 Bd7 23. Re2 b4 24. cxb4 axb4 25. a4 Bxg3 26. hxg3 Qd6 27. Qf4 Qa6 28. Re3 Bxa4 29. Nd2 Ra8 30. Rc5 Bxb3 31. Nxb3 Qa2+ 32. Kc2 exf5 33. Rxd5 Ne6 34. Qf2 Rac8+ 35. Rc5 Nxd4+ 36. Kd1 Qb1+ 37. Rc1 Rxc1+ 38. Nxc1 Rc8 39. Qd2 Nb5 40. Re7 Nd4 41. Rd7 Qc2+ 42. Qxc2 Nxc2 43. Kd2 Ne3 44. Nd3 Nxg2 45. Nxb4 f4 46. Nd5 Rb8 47. Ne7+ Kf8 48. Kc3 f3 49. Nf5 f2 50. Rd1 g6 51. Rf1 gxf5 52. Rxf2 Ne3 53. Rd2 Ng4 54. b4 Ke7 55. Kc4 Ne5+ 56. Kc5 Rg8 57. b5 Rxg3 58. Kb6 Nc4+ 0-1

[Event "Liga Insular Gran Canaria 1b"]
[Site "Las Palmas"]
[Date "2019.04.06"]
[Round "5.1"]
[White "Martinez Molina, Jose Juan"]
[Black "Galvan Sarmiento, Jose Luis"]
[Result "0-1"]
[WhiteElo "1681"]
[BlackElo "1909"]
[PlyCount "66"]
[EventDate "2019.03.02"]
[EventType "team-tourn"]
[EventRounds "7"]
[EventCountry "ESP"]
[SourceTitle "EXT 2021"]
[Source "ChessBase"]
[SourceDate "2020.10.23"]
[SourceVersion "1"]
[SourceVersionDate "2020.10.23"]
[SourceQuality "1"]
[WhiteTeam "Anand II"]
[BlackTeam "Grandama III"]
[WhiteTeamCountry "ESP"]
[BlackTeamCountry "ESP"]

1. Nf3 d5 2. c4 c6 3. d4 Nf6 4. e3 g6 5. Be2 Bg7 6. 0-0 0-0 7. Nc3 Nbd7 8. Qc2 Re8 9. Rd1 a6 10. b3 Nf8 11. Bb2 Bf5 12. Qc1 Rc8 13. Ne5 h5 14. Bd3 Bxd3 15. Nxd3 N8d7 16. Qd2 Qc7 17. h3 Ne4 18. Nxe4 dxe4 19. Nf4 e5 20. Ne2 Rcd8 21. Qc2 f5 22. Rd2 exd4 23. exd4 Bh6 24. Rdd1 Kh7 25. Bc1 f4 26. Nc3 Nf6 27. Bb2 Qc8 28. Qe2 Qf5 29. d5 cxd5 30. cxd5 f3 31. Qf1 e3 32. fxe3 Bxe3+ 33. Kh2 f2 0-1

[Event "Wch Seniors 50 28th"]
[Site "Bled"]
[Date "2018.11.23"]
[Round "6"]
[White "Galvan Sarmiento, Jose Luis"]
[Black "Plotkin, Victor"]
[Result "0-1"]
[WhiteElo "1868"]
[BlackElo "2307"]
[PlyCount "102"]
[EventDate "2018.11.18"]
[EventType "swiss"]
[EventRounds "11"]
[EventCountry "SLO"]
[SourceTitle "CBM 187 Extra"]
[Source "ChessBase"]
[SourceDate "2018.11.04"]
[SourceVersion "1"]
[SourceVersionDate "2018.11.04"]
[SourceQuality "1"]

1. d4 Nf6 2. Bf4 e6 3. e3 b6 4. Nd2 Bb7 5. Ngf3 Be7 6. h3 d6 7. c3 Nbd7 8. Bd3 0-0 9. Qe2 Re8 10. Bh2 Bf8 11. 0-0 e5 12. dxe5 Nxe5 13. Nxe5 dxe5 14. Rfd1 Qe7 15. Bc2 g6 16. Nf3 Nd7 17. Ba4 c6 18. Rd2 Bg7 19. Rad1 Nc5 20. Bc2 Ba6 21. c4 f5 22. a3 Qf7 23. b3 Re7 24. Rd6 Bf6 25. Qe1 Bb7 26. Bg3 Rae8 27. Rxf6 Qxf6 28. Bh4 Qe6 29. Bxe7 Qxe7 30. Qd2 e4 31. Ne1 Ne6 32. Qd7 Kf8 33. b4 Rd8 34. Qxe7+ Kxe7 35. Rxd8 Kxd8 36. g4 c5 37. Ng2 fxg4 38. hxg4 Ke7 39. Kh2 cxb4 40. axb4 a5 41. bxa5 bxa5 42. Nh4 Kd6 43. Kg3 Kc5 44. f4 exf3 45. Nxf3 Bxf3 46. Kxf3 Kxc4 47. Ke4 Kc3 48. Bd1 Kd2 49. Bb3 Nc5+ 50. Kd5 Nxb3 51. e4 Kc3 0-1

[Event "Las Palmas Montalvo Memorial 11th"]
[Site "Las Palmas"]
[Date "2018.03.27"]
[Round "5"]
[White "Galvan Sarmiento, Jose Luis"]
[Black "Medina Martin, Alberto"]
[Result "0-1"]
[WhiteElo "1869"]
[BlackElo "2015"]
[PlyCount "88"]
[EventDate "2018.03.24"]
[EventType "swiss"]
[EventRounds "9"]
[EventCountry "ESP"]
[SourceTitle "CBM 183 Extra"]
[Source "ChessBase"]
[SourceDate "2018.04.19"]
[SourceVersion "1"]
[SourceVersionDate "2018.04.19"]
[SourceQuality "1"]

1. c4 c5 2. g3 Nf6 3. Bg2 Nc6 4. Nc3 g6 5. b3 Bg7 6. Bb2 0-0 7. e3 b6 8. Nge2 Bb7 9. 0-0 e6 10. d3 d5 11. cxd5 Nxd5 12. Qd2 Qd7 13. Nxd5 exd5 14. Bxg7 Kxg7 15. d4 Rfd8 16. Rfd1 c4 17. bxc4 dxc4 18. d5 Ne5 19. Qc3 f6 20. Nf4 Re8 21. Ne6+ Kf7 22. Qd4 Rac8 23. Qf4 c3 24. Rdc1 Rc4 25. Qh6 Kg8 26. e4 b5 27. Bf1 c2 28. Re1 Nf3+ 29. Kh1 Nxe1 30. Bxc4 bxc4 31. Rxe1 Bxd5 32. exd5 Qxd5+ 33. Kg1 Rxe6 34. Rxe6 Qxe6 35. Qd2 Qe4 36. Qd8+ Kf7 37. Qd7+ Qe7 38. Qd5+ Qe6 39. Qb7+ Kg8 40. Qb8+ Kg7 41. Qxa7+ Kh6 42. Qa3 Qe1+ 43. Kg2 c1Q 44. Qf8+ Kh5 0-1

[Event "Las Palmas Montalvo Memorial 11th"]
[Site "Las Palmas"]
[Date "2018.03.26"]
[Round "4"]
[White "Cruz Pino, Adrian"]
[Black "Galvan Sarmiento, Jose Luis"]
[Result "1/2-1/2"]
[WhiteElo "2148"]
[BlackElo "1869"]
[PlyCount "113"]
[EventDate "2018.03.24"]
[EventType "swiss"]
[EventRounds "9"]
[EventCountry "ESP"]
[SourceTitle "CBM 183 Extra"]
[Source "ChessBase"]
[SourceDate "2018.04.19"]
[SourceVersion "1"]
[SourceVersionDate "2018.04.19"]
[SourceQuality "1"]

1. e4 c5 2. Nf3 e6 3. b3 b6 4. Bb2 Bb7 5. Nc3 a6 6. g3 d6 7. Bg2 Nd7 8. 0-0 Ngf6 9. Re1 Qc7 10. d3 Be7 11. Qd2 h6 12. h3 0-0-0 13. d4 cxd4 14. Nxd4 Kb8 15. a3 Rhe8 16. Kh2 h5 17. f4 h4 18. g4 g5 19. fxg5 d5+ 20. Kh1 Nxe4 21. Nxe4 dxe4 22. g6 Ne5 23. gxf7 Nxf7 24. Bxe4 Bxe4+ 25. Rxe4 Qb7 26. Qg2 Ng5 27. Re2 Rd6 28. Qxb7+ Kxb7 29. Kg2 Red8 30. Nf3 Nh7 31. Rae1 Nf8 32. a4 Ng6 33. Be5 Rd5 34. Bh2 Bb4 35. c3 Bxc3 36. Rc1 Bd2 37. Rc7+ Ka8 38. Rxe6 Nf4+ 39. Bxf4 Bxf4 40. Rcc6 Bg3 41. Rxb6 Rc5 42. Rbc6 Rc8 43. Rxc8+ Rxc8 44. Re2 Rc3 45. g5 Rxb3 46. g6 Rb6 47. g7 Rg6 48. Re8+ Bb8+ 49. Kf2 Rxg7 50. Nxh4 Kb7 51. Nf3 Ba7+ 52. Ke2 Rg2+ 53. Kd3 Rg3 54. Re7+ Ka8 55. Rf7 Rxh3 56. Ke4 Rh1 57. Rf8+ 1/2-1/2

[Event "Las Palmas Montalvo Memorial 11th"]
[Site "Las Palmas"]
[Date "2018.03.25"]
[Round "2"]
[White "Gutierrez Olivares, Daniel"]
[Black "Galvan Sarmiento, Jose Luis"]
[Result "1-0"]
[WhiteElo "2284"]
[BlackElo "1869"]
[PlyCount "69"]
[EventDate "2018.03.24"]
[EventType "swiss"]
[EventRounds "9"]
[EventCountry "ESP"]
[SourceTitle "CBM 183 Extra"]
[Source "ChessBase"]
[SourceDate "2018.04.19"]
[SourceVersion "1"]
[SourceVersionDate "2018.04.19"]
[SourceQuality "1"]

1. e4 e6 2. d3 d5 3. Nd2 Nf6 4. g3 c5 5. Bg2 Nc6 6. f4 b5 7. e5 Nd7 8. Nh3 Bb7 9. c4 Nb4 10. Nf2 Qb6 11. a3 Na6 12. 0-0 Be7 13. Qg4 g6 14. Re1 Nc7 15. a4 bxa4 16. cxd5 exd5 17. Rxa4 h5 18. Qd1 Ne6 19. Nf3 Bc6 20. Ra1 a5 21. h3 a4 22. g4 hxg4 23. hxg4 Bh4 24. f5 Nc7 25. Nxh4 Rxh4 26. Bg5 Rh8 27. e6 fxe6 28. fxe6 Nf8 29. Qf3 Rh7 30. Qf6 Bb7 31. Bh6 Nfxe6 32. Qxg6+ Rf7 33. Qg8+ Ke7 34. Bg5+ Kd6 35. Qxf7 1-0

[Event "Las Palmas Insular-chT Honor 1718"]
[Site "Las Palmas"]
[Date "2018.03.10"]
[Round "9.4"]
[White "Arroyo Palacios, Jose Maria"]
[Black "Galvan Sarmiento, Jose Luis"]
[Result "1-0"]
[WhiteElo "1709"]
[BlackElo "1869"]
[PlyCount "43"]
[EventDate "2017.10.28"]
[EventType "team-tourn"]
[EventRounds "9"]
[EventCountry "ESP"]
[SourceTitle "EXT 2021"]
[Source "ChessBase"]
[SourceDate "2020.10.23"]
[SourceVersion "1"]
[SourceVersionDate "2020.10.23"]
[SourceQuality "1"]
[WhiteTeam "Tres W"]
[BlackTeam "Villa de Teror"]
[WhiteTeamCountry "ESP"]
[BlackTeamCountry "ESP"]

1. f4 d5 2. Nf3 c5 3. g3 Nc6 4. Bg2 Bf5 5. d3 Nf6 6. 0-0 Qd7 7. Ne5 Qc7 8. Nc3 e6 9. e4 dxe4 10. Nxc6 bxc6 11. dxe4 Bg4 12. Qe1 h6 13. h3 Bh5 14. f5 Bd6 15. Bf4 Bxf4 16. Rxf4 Rb8 17. e5 Nd7 18. g4 Nxe5 19. gxh5 Nd3 20. Bxc6+ Ke7 21. Nd5+ Kd8 22. Qh4+ 1-0

[Event "Las Palmas Insular-chT Honor 1718"]
[Site "Las Palmas"]
[Date "2018.02.24"]
[Round "8.4"]
[White "Galvan Sarmiento, Jose Luis"]
[Black "Ramirez Maillo, Cristian"]
[Result "0-1"]
[WhiteElo "1869"]
[BlackElo "1913"]
[PlyCount "58"]
[EventDate "2017.10.28"]
[EventType "team-tourn"]
[EventRounds "9"]
[EventCountry "ESP"]
[SourceTitle "EXT 2021"]
[Source "ChessBase"]
[SourceDate "2020.10.23"]
[SourceVersion "1"]
[SourceVersionDate "2020.10.23"]
[SourceQuality "1"]
[WhiteTeam "Villa de Teror"]
[BlackTeam "Telde Los Llanos"]
[WhiteTeamCountry "ESP"]
[BlackTeamCountry "ESP"]

1. d4 Nf6 2. Bf4 g6 3. e3 Bg7 4. Be2 d6 5. h3 0-0 6. Nf3 Nc6 7. c4 Nd7 8. Nc3 e5 9. Bh2 Kh8 10. 0-0 Qe7 11. Nd5 Qd8 12. Rc1 e4 13. Nd2 f5 14. b4 Ne7 15. Nf4 Nf6 16. Nb3 g5 17. Nh5 Nxh5 18. Bxh5 Ng6 19. c5 d5 20. b5 f4 21. a4 Nh4 22. Bg4 f3 23. gxf3 Nxf3+ 24. Bxf3 exf3 25. Nd2 Bxh3 26. Re1 Qd7 27. Bg3 Bg2 28. e4 Qh3 29. Bh2 Bh1 0-1

[Event "ESP-ch 82nd"]
[Site "Las Palmas"]
[Date "2017.10.03"]
[Round "5"]
[White "Sanchez Aller, Fernando"]
[Black "Galvan Sarmiento, Jose Luis"]
[Result "1-0"]
[WhiteElo "2341"]
[BlackElo "1837"]
[PlyCount "83"]
[EventDate "2017.09.29"]
[EventType "swiss"]
[EventRounds "9"]
[EventCountry "ESP"]
[SourceTitle "CBM 181 Extra"]
[Source "ChessBase"]
[SourceDate "2017.12.12"]
[SourceVersion "1"]
[SourceVersionDate "2017.12.12"]
[SourceQuality "1"]

1. e4 e6 2. d4 d5 3. Nc3 Nf6 4. e5 Nfd7 5. f4 c5 6. Nf3 Nc6 7. Be3 Qb6 8. Na4 Qa5+ 9. c3 b6 10. Bd2 c4 11. b4 Qa6 12. Be2 Be7 13. a3 Nf8 14. Nb2 Bd7 15. 0-0 Qb7 16. Ng5 h6 17. Nh3 0-0-0 18. Bf3 Qc7 19. Qe2 Nh7 20. f5 Ng5 21. Nf4 Kb8 22. Nd1 Nxf3+ 23. Qxf3 Bg5 24. Ne3 Ne7 25. Qg3 Bc8 26. fxe6 fxe6 27. h4 Bxf4 28. Rxf4 g6 29. Rf6 Rdg8 30. a4 Qd8 31. a5 b5 32. Qf2 a6 33. Rf1 Qe8 34. Qe2 Rg7 35. Kf2 Ng8 36. Ke1 Nxf6 37. exf6 Rf7 38. Ng4 Qd8 39. Qe5+ Qc7 40. Bf4 Qxe5+ 41. Nxe5 Rc7 42. Nxg6 1-0

[Event "Gran Canaria Santana Memorial 5th"]
[Site "Gran Canaria"]
[Date "2017.02.21"]
[Round "6"]
[White "Galvan Sarmiento, Jose Luis"]
[Black "Martinez Molina, Jose Juan"]
[Result "1-0"]
[WhiteElo "1890"]
[BlackElo "1752"]
[PlyCount "79"]
[EventDate "2017.02.03"]
[EventType "swiss"]
[EventRounds "7"]
[EventCountry "ESP"]
[SourceTitle "CBM 177 Extra"]
[Source "ChessBase"]
[SourceDate "2017.04.27"]
[SourceVersion "1"]
[SourceVersionDate "2017.04.27"]
[SourceQuality "1"]

1. d4 Nf6 2. Nf3 g6 3. c4 Bg7 4. g3 0-0 5. Bg2 c6 6. 0-0 d6 7. Nc3 Nbd7 8. e4 e5 9. Be3 Re8 10. h3 b6 11. Re1 Bb7 12. d5 c5 13. Qd2 a6 14. Rf1 Kh8 15. Ne1 Nh5 16. Bf3 Ndf6 17. Nd3 Qd7 18. g4 Nf4 19. Nxf4 exf4 20. Bxf4 b5 21. Rfe1 Ng8 22. Re2 b4 23. Nd1 a5 24. Rc1 a4 25. Bg2 f6 26. f3 g5 27. Bg3 Ne7 28. Ne3 Bc8 29. Rce1 a3 30. Nf5 Nxf5 31. exf5 Rxe2 32. Rxe2 axb2 33. Qxb2 Ba6 34. Qc2 Rd8 35. Re6 Qc7 36. Qe4 h6 37. Bf1 Bc8 38. Re7 Rd7 39. Re8+ Kh7 40. Qe6 1-0

[Event "Gran Canaria Santana Memorial 5th"]
[Site "Gran Canaria"]
[Date "2017.02.10"]
[Round "3"]
[White "Barrera Martin, Nayra"]
[Black "Galvan Sarmiento, Jose Luis"]
[Result "0-1"]
[WhiteElo "1558"]
[BlackElo "1890"]
[PlyCount "122"]
[EventDate "2017.02.03"]
[EventType "swiss"]
[EventRounds "7"]
[EventCountry "ESP"]
[SourceTitle "CBM 177 Extra"]
[Source "ChessBase"]
[SourceDate "2017.04.27"]
[SourceVersion "1"]
[SourceVersionDate "2017.04.27"]
[SourceQuality "1"]

1. c4 e5 2. Nc3 Bb4 3. Qc2 Nc6 4. e3 Nf6 5. a3 Be7 6. Nf3 d6 7. g3 Be6 8. Ng5 Bd7 9. Bg2 h6 10. Nge4 Nh7 11. Nd5 0-0 12. 0-0 f5 13. Nxe7+ Qxe7 14. Nc3 Nf6 15. b4 e4 16. d4 exd3 17. Qxd3 Ne5 18. Nd5 Nxd5 19. Qxd5+ Be6 20. Qd1 c6 21. Bb2 Bxc4 22. Re1 Nd3 23. Re2 Nxb2 24. Rxb2 Qf6 25. Rd2 d5 26. Rd4 a5 27. Bf1 Bxf1 28. Kxf1 axb4 29. Rxb4 Ra7 30. Rb6 Qc3 31. Rb3 Qc4+ 32. Kg1 Rf7 33. Rc1 Qe4 34. Rb4 Qe7 35. Qb3 Kh8 36. Ra4 Rxa4 37. Qxa4 Qd6 38. Qa7 Kh7 39. a4 Kg6 40. Qc5 Qxc5 41. Rxc5 Kf6 42. Kf1 Ke6 43. Ra5 Kd6 44. Ke2 b6 45. Ra8 Kc5 46. Kd3 g6 47. Kc3 Re7 48. Rh8 h5 49. Rg8 Re6 50. h4 Re4 51. Rxg6 Rxa4 52. Rg5 b5 53. Rxh5 b4+ 54. Kb2 Kc4 55. Rh6 c5 56. Rb6 Ra3 57. h5 Rd3 58. Kc2 d4 59. Re6 b3+ 60. Kb1 Rd1+ 61. Kb2 Rd2+ 0-1

[Event "Las Palmas Insular-chT Primera-A 1617"]
[Site "Las Palmas"]
[Date "2017.01.21"]
[Round "9.4"]
[White "Galvan Sarmiento, Jose Luis"]
[Black "Macias Reyes, Jose Luis"]
[Result "1-0"]
[WhiteElo "1897"]
[BlackElo "1455"]
[PlyCount "91"]
[EventDate "2016.10.22"]
[EventType "team-tourn"]
[EventRounds "14"]
[EventCountry "ESP"]
[SourceTitle "EXT 2018"]
[Source "ChessBase"]
[SourceDate "2017.10.13"]
[SourceVersion "1"]
[SourceVersionDate "2017.10.13"]
[SourceQuality "1"]
[WhiteTeam "Villa de Teror II"]
[BlackTeam "Sociedad La Montana II"]
[WhiteTeamCountry "ESP"]
[BlackTeamCountry "ESP"]

1. d4 d5 2. Bf4 Nf6 3. e3 e6 4. Bd3 c5 5. c3 Qb6 6. Qc1 Bd7 7. a4 Nc6 8. Nd2 c4 9. Bc2 Na5 10. Ngf3 Rc8 11. h3 Be7 12. 0-0 0-0 13. Qb1 h6 14. Ne5 Bd6 15. Nxd7 Nxd7 16. Bxd6 Qxd6 17. e4 b6 18. e5 Qe7 19. f4 f5 20. exf6 Rxf6 21. Qe1 Qf7 22. Qe3 Nb7 23. Rf3 Nd6 24. g4 Nf8 25. Raf1 Qe8 26. R1f2 Nf7 27. Nf1 Rc7 28. Ng3 Nh8 29. Nh5 Rff7 30. f5 Qc8 31. f6 g5 32. h4 e5 33. Bf5 exd4 34. Qxd4 Qd8 35. hxg5 hxg5 36. Rd2 Nhg6 37. Qxd5 Qxd5 38. Rxd5 Nh4 39. Re3 Nxf5 40. Rxf5 Kh7 41. Rxg5 Kh6 42. Rg7 Ng6 43. Kh2 Kg5 44. Kg3 Rcd7 45. Nf4 Rxf6 46. Nh3+ 1-0

[Event "Las Palmas Insular-chT Primera-A 1617"]
[Site "Las Palmas"]
[Date "2017.01.14"]
[Round "8.4"]
[White "Galvan Sarmiento, Jose Luis"]
[Black "Besana Ramirez, Ancor"]
[Result "1/2-1/2"]
[WhiteElo "1897"]
[BlackElo "1518"]
[PlyCount "44"]
[EventDate "2016.10.22"]
[EventType "team-tourn"]
[EventRounds "14"]
[EventCountry "ESP"]
[SourceTitle "EXT 2018"]
[Source "ChessBase"]
[SourceDate "2017.10.13"]
[SourceVersion "1"]
[SourceVersionDate "2017.10.13"]
[SourceQuality "1"]
[WhiteTeam "Villa de Teror II"]
[BlackTeam "La Aldea"]
[WhiteTeamCountry "ESP"]
[BlackTeamCountry "ESP"]

1. d4 d5 2. Bf4 Nf6 3. e3 e6 4. Nf3 Be7 5. Ne5 Nbd7 6. Bd3 0-0 7. Nd2 c5 8. c3 Bd6 9. Nxf7 Rxf7 10. Bxd6 c4 11. Bc2 Qb6 12. Ba3 e5 13. dxe5 Nxe5 14. h3 Bd7 15. Qe2 Re8 16. 0-0-0 Qa6 17. Nf3 Ba4 18. Nxe5 Rxe5 19. Rhe1 Ne4 20. f4 Nxc3 21. bxc3 Bxc2 22. Kxc2 Qxa3 1/2-1/2

[Event "Wch Seniors 50 26th"]
[Site "Marianske Lazne"]
[Date "2016.11.24"]
[Round "6"]
[White "Dovzhenko, Viktor"]
[Black "Galvan Sarmiento, Jose Luis"]
[Result "1/2-1/2"]
[WhiteElo "2171"]
[BlackElo "1933"]
[PlyCount "143"]
[EventDate "2016.11.19"]
[EventType "swiss"]
[EventRounds "11"]
[EventCountry "CZE"]
[SourceTitle "CBM 175 Extra"]
[Source "ChessBase"]
[SourceDate "2016.12.12"]
[SourceVersion "1"]
[SourceVersionDate "2016.12.12"]
[SourceQuality "1"]

1. Nf3 d5 2. d4 Nf6 3. Bf4 Nh5 4. Bg5 h6 5. Bc1 g6 6. g3 Bg7 7. Bg2 c6 8. 0-0 Be6 9. Nbd2 Nf6 10. Ne5 Ng4 11. Nef3 Nf6 12. c4 dxc4 13. Qc2 b5 14. a4 Nd5 15. axb5 cxb5 16. Ne5 Bxe5 17. dxe5 Nd7 18. Ne4 Qb6 19. Nc3 Nb4 20. Qb1 Bf5 21. e4 Be6 22. Nd5 Bxd5 23. exd5 Nc5 24. e6 Rd8 25. Be3 Nxd5 26. exf7+ Kxf7 27. Bd4 Nf6 28. Be3 Qc7 29. Qa2 Na4 30. b3 Nc3 31. Qb2 Ncd5 32. Rxa7 Qb8 33. Bc5 Rhe8 34. bxc4 bxc4 35. Qd4 Qb3 36. Rc1 c3 37. Bf1 Qb2 38. Raa1 Qd2 39. Qc4 Kg7 40. Bd4 e5 41. Bc5 h5 42. Rd1 Qg5 43. Bg2 Qg4 44. Qf1 Qc8 45. Ra7+ Kh8 46. Qb5 c2 47. Rf1 Nc3 48. Qc4 Ne2+ 49. Qxe2 Qxc5 50. Raa1 Re7 51. Rac1 Rc7 52. Rfe1 Kg7 53. h3 Rd4 54. Qa6 Rd2 55. Rf1 e4 56. Qa1 e3 57. fxe3 Qxe3+ 58. Kh2 Rf2 59. Rxf2 Qxf2 60. Qe5 Qc5 61. Qb2 Qc3 62. Qb6 Rd7 63. Qf2 Rd2 64. Qf4 Nd5 65. Qe4 Ne3 66. Qe7+ Kh6 67. Qf8+ Kh7 68. Qe7+ Kg8 69. Qe8+ Kh7 70. Qe7+ Kh6 71. Qf8+ Kh7 72. Qe7+ 1/2-1/2

[Event "Wch Seniors 50 26th"]
[Site "Marianske Lazne"]
[Date "2016.11.21"]
[Round "3"]
[White "Madeira, Wagner Martins"]
[Black "Galvan Sarmiento, Jose Luis"]
[Result "1-0"]
[WhiteElo "2172"]
[BlackElo "1933"]
[PlyCount "107"]
[EventDate "2016.11.19"]
[EventType "swiss"]
[EventRounds "11"]
[EventCountry "CZE"]
[SourceTitle "CBM 175 Extra"]
[Source "ChessBase"]
[SourceDate "2016.12.12"]
[SourceVersion "1"]
[SourceVersionDate "2016.12.12"]
[SourceQuality "1"]

1. e4 e6 2. d4 d5 3. Nc3 Nf6 4. Bg5 Bb4 5. e5 h6 6. exf6 hxg5 7. fxg7 Rg8 8. a3 Bxc3+ 9. bxc3 Qf6 10. h4 gxh4 11. Qh5 Qxg7 12. Qxh4 c5 13. Nf3 Nc6 14. Bb5 Bd7 15. Bxc6 Bxc6 16. Rh3 Qf8 17. g3 f6 18. Qf4 Qe7 19. Rh6 Rf8 20. Nh4 e5 21. Qe3 Rg8 22. dxe5 Qxe5 23. Qxe5+ fxe5 24. Re6+ Kd7 25. Rxe5 Rae8 26. Rxe8 Rxe8+ 27. Kd2 a5 28. Re1 Rxe1 29. Kxe1 Ke6 30. f4 Bd7 31. g4 Kf7 32. Nf3 Kf6 33. Ne5 Be8 34. Kd2 Bb5 35. c4 dxc4 36. Kc3 a4 37. Nxc4 Ke6 38. Ne3 Be2 39. Kd2 Bf3 40. g5 Be4 41. c4 Bb1 42. Ke2 Be4 43. Kf2 Bc6 44. Kg3 b5 45. f5+ Ke5 46. g6 Kf6 47. cxb5 Bxb5 48. Nd5+ Kg7 49. Kf4 Bc4 50. Nc3 Bb3 51. Kg5 Kg8 52. f6 Kf8 53. Kh6 Bc2 54. Nd5 1-0

[Event "Las Palmas Insular-chT Primera-A 1617"]
[Site "Las Palmas"]
[Date "2016.11.12"]
[Round "4.3"]
[White "Galvan Sarmiento, Jose Luis"]
[Black "Kleine, Peter"]
[Result "1-0"]
[WhiteElo "1897"]
[BlackElo "1554"]
[PlyCount "54"]
[EventDate "2016.10.22"]
[EventType "team-tourn"]
[EventRounds "14"]
[EventCountry "ESP"]
[SourceTitle "EXT 2018"]
[Source "ChessBase"]
[SourceDate "2017.10.13"]
[SourceVersion "1"]
[SourceVersionDate "2017.10.13"]
[SourceQuality "1"]
[WhiteTeam "Villa de Teror II"]
[BlackTeam "Tres W II"]
[WhiteTeamCountry "ESP"]
[BlackTeamCountry "ESP"]

1. d4 c5 2. c3 cxd4 3. cxd4 d5 4. Nf3 Nf6 5. Bf4 e6 6. e3 Bb4+ 7. Nc3 0-0 8. Bd3 Nbd7 9. 0-0 Bxc3 10. bxc3 Nb6 11. Qb3 Bd7 12. a4 a5 13. Rfb1 Nxa4 14. Rxa4 Bxa4 15. Qxa4 b6 16. Qb5 a4 17. Ra1 Qc8 18. Ra3 Nd7 19. Ne5 Nxe5 20. Bxe5 f6 21. Bg3 Rf7 22. h3 Rb7 23. Rxa4 Rxa4 24. Qxa4 Kf7 25. c4 dxc4 26. Bxc4 Ke7 27. Qb4+ Kf7 1-0